[Event "Chessable Masters - Torneo preliminare"]
[White "Van Foreest, Lucas"]
[Black "Abdusattorov, Nodirbek"]
[WhiteFideId "1039792"]
[BlackFideId "14204118"]
[WhiteElo "2483"]
[BlackElo "2714"]
[Result "0-1"]
[Round "1"]
[TimeControl "600+2"]
[Date "2023.03.13"]
[WhiteClock "0:04:37"]
[BlackClock "0:05:52"]

1. d4 {[%clk 0:09:57]}  Nf6 {[%clk 0:09:58]} 2. c4 {[%clk 0:09:58]}  e6 {[%clk 0:09:58]} 3. Nc3 {[%clk 0:09:59]}  Bb4 {[%clk 0:09:57]} 4. Qc2 {[%clk 0:09:57]}  d5 {[%clk 0:09:57]} 5. a3 {[%clk 0:09:55]}  Bxc3+ {[%clk 0:09:56]} 6. Qxc3 {[%clk 0:09:57]}  Ne4 {[%clk 0:09:54]} 7. Qc2 {[%clk 0:09:53]}  c5 {[%clk 0:09:56]} 8. dxc5 {[%clk 0:09:45]}  Nc6 {[%clk 0:09:55]} 9. e3 {[%clk 0:09:37]}  O-O {[%clk 0:09:49]} 10. Nf3 {[%clk 0:09:31]}  Qa5+ {[%clk 0:09:43]} 11. Bd2 {[%clk 0:09:32]}  Qxc5 {[%clk 0:09:36]} 12. Rc1 {[%clk 0:09:33]}  Nxd2 {[%clk 0:09:34]} 13. Qxd2 {[%clk 0:09:34]}  Rd8 {[%clk 0:09:25]} 14. cxd5 {[%clk 0:08:58]}  Qxd5 {[%clk 0:09:27]} 15. Qxd5 {[%clk 0:08:54]}  Rxd5 {[%clk 0:09:29]} 16. Bc4 {[%clk 0:08:53]}  Rd8 {[%clk 0:09:20]} 17. Ke2 {[%clk 0:08:45]}  Bd7 {[%clk 0:09:20]} 18. Rhd1 {[%clk 0:08:30]}  Be8 {[%clk 0:09:21]} 19. Bd3 {[%clk 0:06:36]}  h6 {[%clk 0:09:10]} 20. Be4 {[%clk 0:06:37]}  Kf8 {[%clk 0:09:06]} 21. Nd4 {[%clk 0:06:27]}  Nxd4+ {[%clk 0:06:48]} 22. Rxd4 {[%clk 0:06:23]}  Bb5+ {[%clk 0:06:49]} 23. Kf3 {[%clk 0:05:38]}  Rxd4 {[%clk 0:06:34]} 24. exd4 {[%clk 0:05:40]}  Rd8 {[%clk 0:05:53]} 25. Rc7 {[%clk 0:05:22]}  Rxd4 {[%clk 0:05:51]} 26. Rxb7 {[%clk 0:05:21]}  a6 {[%clk 0:05:52]} 27. Ke3 {[%clk 0:04:37]}  Rxe4+ {[%clk 0:05:52]} 0-1


[Site "Internet"]

[Event "Chessable Masters - Torneo preliminare"]
[White "Cuenca Jimenez, Jose Fernando"]
[Black "Kosteniuk, Alexandra"]
[WhiteFideId "2255570"]
[BlackFideId "4128125"]
[WhiteElo "2455"]
[BlackElo "2524"]
[Result "0-1"]
[Round "1"]
[TimeControl "600+2"]
[Date "2023.03.13"]
[WhiteClock "0:00:03"]
[BlackClock "0:00:18"]

1. d4 {[%clk 0:10:00]}  Nf6 {[%clk 0:10:00]} 2. c4 {[%clk 0:09:59]}  e6 {[%clk 0:10:01]} 3. Nf3 {[%clk 0:10:00]}  d5 {[%clk 0:10:01]} 4. Nc3 {[%clk 0:10:00]}  dxc4 {[%clk 0:10:03]} 5. e4 {[%clk 0:10:01]}  b5 {[%clk 0:10:03]} 6. e5 {[%clk 0:10:02]}  Nd5 {[%clk 0:10:05]} 7. Nxb5 {[%clk 0:10:03]}  Nb6 {[%clk 0:10:05]} 8. Be2 {[%clk 0:10:04]}  Be7 {[%clk 0:10:04]} 9. O-O {[%clk 0:10:04]}  Nc6 {[%clk 0:09:54]} 10. Be3 {[%clk 0:10:03]}  O-O {[%clk 0:09:52]} 11. Qc1 {[%clk 0:10:04]}  Ba6 {[%clk 0:09:47]} 12. Nc3 {[%clk 0:10:01]}  Nb4 {[%clk 0:09:43]} 13. Rd1 {[%clk 0:09:50]}  Nd3 {[%clk 0:09:05]} 14. Bxd3 {[%clk 0:09:48]}  cxd3 {[%clk 0:09:06]} 15. Ne1 {[%clk 0:09:46]}  Nc4 {[%clk 0:08:00]} 16. Nxd3 {[%clk 0:09:43]}  Rb8 {[%clk 0:07:55]} 17. b3 {[%clk 0:06:28]}  Ba3 {[%clk 0:07:39]} 18. Qc2 {[%clk 0:06:29]}  Nxe3 {[%clk 0:07:39]} 19. fxe3 {[%clk 0:06:30]}  Qg5 {[%clk 0:07:34]} 20. Nf4 {[%clk 0:05:58]}  c5 {[%clk 0:07:20]} 21. Nb1 {[%clk 0:04:50]}  Bb4 {[%clk 0:07:03]} 22. a3 {[%clk 0:04:52]}  Ba5 {[%clk 0:06:45]} 23. Qxc5 {[%clk 0:04:49]}  Qg4 {[%clk 0:05:24]} 24. Nd2 {[%clk 0:03:57]}  Bb6 {[%clk 0:05:23]} 25. Qc3 {[%clk 0:03:44]}  g5 {[%clk 0:04:08]} 26. h3 {[%clk 0:03:23]}  Qh4 {[%clk 0:04:09]} 27. Nf3 {[%clk 0:03:12]}  Qh6 {[%clk 0:04:11]} 28. Nd3 {[%clk 0:02:21]}  g4 {[%clk 0:04:12]} 29. hxg4 {[%clk 0:02:18]}  Qxe3+ {[%clk 0:04:12]} 30. Kh2 {[%clk 0:01:59]}  Rfc8 {[%clk 0:02:54]} 31. Qd2 {[%clk 0:01:52]}  Qxd2 {[%clk 0:02:55]} 32. Rxd2 {[%clk 0:01:48]}  Rc3 {[%clk 0:02:56]} 33. Nf4 {[%clk 0:00:54]}  Rxb3 {[%clk 0:02:56]} 34. Nh5 {[%clk 0:00:55]}  Rc8 {[%clk 0:02:40]} 35. Nf6+ {[%clk 0:00:55]}  Kg7 {[%clk 0:02:40]} 36. Kg3 {[%clk 0:00:57]}  h6 {[%clk 0:01:59]} 37. a4 {[%clk 0:00:46]}  Rc4 {[%clk 0:00:57]} 38. d5 {[%clk 0:00:27]}  Be3 {[%clk 0:00:50]} 39. Rdd1 {[%clk 0:00:20]}  Bf4+ {[%clk 0:00:49]} 40. Kh3 {[%clk 0:00:19]}  Bxe5 {[%clk 0:00:47]} 41. Nh5+ {[%clk 0:00:11]}  Kf8 {[%clk 0:00:29]} 42. dxe6 {[%clk 0:00:13]}  Bxa1 {[%clk 0:00:18]} 43. Rxa1 {[%clk 0:00:06]}  fxe6 {[%clk 0:00:19]} 44. Rd1 {[%clk 0:00:04]}  Ke7 {[%clk 0:00:20]} 45. Kg3 {[%clk 0:00:03]}  Bb7 {[%clk 0:00:20]} 46. a5 {[%clk 0:00:03]}  Rcc3 {[%clk 0:00:20]} 47. Rf1 {[%clk 0:00:03]}  e5 {[%clk 0:00:18]} 0-1


[Site "Internet"]

[Event "Chessable Masters - Torneo preliminare"]
[White "Vaibhav, Suri"]
[Black "Pranav, V"]
[WhiteFideId "5045185"]
[BlackFideId "25060783"]
[WhiteElo "2543"]
[BlackElo "2462"]
[Result "1-0"]
[Round "1"]
[TimeControl "600+2"]
[Date "2023.03.13"]
[WhiteClock "0:00:53"]
[BlackClock "0:00:03"]

1. e4 {[%clk 0:09:50]}  e5 {[%clk 0:09:57]} 2. Nf3 {[%clk 0:09:50]}  Nc6 {[%clk 0:09:55]} 3. Bc4 {[%clk 0:09:45]}  Nf6 {[%clk 0:09:56]} 4. d3 {[%clk 0:09:46]}  h6 {[%clk 0:09:56]} 5. c3 {[%clk 0:09:45]}  d6 {[%clk 0:09:54]} 6. a4 {[%clk 0:09:44]}  g6 {[%clk 0:09:55]} 7. a5 {[%clk 0:09:45]}  a6 {[%clk 0:09:56]} 8. Qb3 {[%clk 0:09:46]}  Qe7 {[%clk 0:09:48]} 9. Nbd2 {[%clk 0:09:39]}  Bg7 {[%clk 0:09:49]} 10. Nf1 {[%clk 0:09:37]}  O-O {[%clk 0:09:42]} 11. Ne3 {[%clk 0:09:37]}  Nd8 {[%clk 0:09:43]} 12. O-O {[%clk 0:09:33]}  Ne6 {[%clk 0:09:28]} 13. Re1 {[%clk 0:09:30]}  c6 {[%clk 0:09:25]} 14. Qc2 {[%clk 0:09:12]}  Nh5 {[%clk 0:09:15]} 15. g3 {[%clk 0:08:38]}  Bd7 {[%clk 0:08:10]} 16. Bd2 {[%clk 0:08:35]}  Kh7 {[%clk 0:08:03]} 17. Rad1 {[%clk 0:07:38]}  f5 {[%clk 0:07:43]} 18. exf5 {[%clk 0:06:58]}  gxf5 {[%clk 0:07:44]} 19. d4 {[%clk 0:06:22]}  Ng5 {[%clk 0:03:53]} 20. Nxg5+ {[%clk 0:06:12]}  hxg5 {[%clk 0:03:55]} 21. dxe5 {[%clk 0:05:56]}  dxe5 {[%clk 0:03:54]} 22. g4 {[%clk 0:05:19]}  Nf4 {[%clk 0:03:35]} 23. Nxf5 {[%clk 0:05:14]}  Bxf5 {[%clk 0:03:36]} 24. gxf5 {[%clk 0:05:15]}  Qf6 {[%clk 0:03:35]} 25. Bxf4 {[%clk 0:04:34]}  gxf4 {[%clk 0:03:35]} 26. Rd7 {[%clk 0:04:33]}  Kh8 {[%clk 0:03:02]} 27. Kh1 {[%clk 0:04:05]}  Rad8 {[%clk 0:02:14]} 28. Rxb7 {[%clk 0:03:56]}  Qh4 {[%clk 0:02:05]} 29. Rg1 {[%clk 0:03:48]}  Bf6 {[%clk 0:02:06]} 30. Qe2 {[%clk 0:03:29]}  e4 {[%clk 0:01:48]} 31. Qxe4 {[%clk 0:02:25]}  Qxf2 {[%clk 0:01:48]} 32. Qg2 {[%clk 0:01:57]}  Qxg2+ {[%clk 0:01:11]} 33. Kxg2 {[%clk 0:01:58]}  Rd2+ {[%clk 0:00:57]} 34. Kf3 {[%clk 0:01:57]}  Rxh2 {[%clk 0:00:58]} 35. Rg6 {[%clk 0:01:50]}  Rh3+ {[%clk 0:00:55]} 36. Kxf4 {[%clk 0:01:31]}  Rh4+ {[%clk 0:00:55]} 37. Rg4 {[%clk 0:01:32]}  Be5+ {[%clk 0:00:52]} 38. Kf3 {[%clk 0:01:18]}  Rh3+ {[%clk 0:00:12]} 39. Ke4 {[%clk 0:01:19]}  Bf6 {[%clk 0:00:13]} 40. Rg6 {[%clk 0:01:15]}  Rh4+ {[%clk 0:00:14]} 41. Kd3 {[%clk 0:01:15]}  Be5 {[%clk 0:00:07]} 42. Rxc6 {[%clk 0:01:11]}  Bg7 {[%clk 0:00:06]} 43. Be6 {[%clk 0:00:59]}  Rh3+ {[%clk 0:00:02]} 44. Kc2 {[%clk 0:01:00]}  Rh2+ {[%clk 0:00:03]} 45. Kb3 {[%clk 0:01:01]}  Bf6 {[%clk 0:00:04]} 46. Rxa6 {[%clk 0:00:58]}  Rh1 {[%clk 0:00:03]} 47. Rc6 {[%clk 0:00:58]}  Ra1 {[%clk 0:00:03]} 48. a6 {[%clk 0:00:53]} 1-0


[Site "Internet"]

[Event "Chessable Masters - Torneo preliminare"]
[White "Grischuk, Alexander"]
[Black "Fier, Alexandr"]
[WhiteFideId "4126025"]
[BlackFideId "2107139"]
[WhiteElo "2731"]
[BlackElo "2504"]
[Result "0-1"]
[Round "1"]
[TimeControl "600+2"]
[Date "2023.03.13"]
[WhiteClock "0:00:16"]
[BlackClock "0:02:12"]

1. e4 {[%clk 0:09:20]}  c5 {[%clk 0:09:59]} 2. Nf3 {[%clk 0:09:19]}  d6 {[%clk 0:10:00]} 3. d4 {[%clk 0:09:17]}  cxd4 {[%clk 0:10:02]} 4. Nxd4 {[%clk 0:09:19]}  Nf6 {[%clk 0:10:03]} 5. Bd3 {[%clk 0:09:20]}  Nc6 {[%clk 0:09:52]} 6. Be3 {[%clk 0:09:20]}  e5 {[%clk 0:09:38]} 7. Nxc6 {[%clk 0:07:52]}  bxc6 {[%clk 0:09:40]} 8. O-O {[%clk 0:07:51]}  Be7 {[%clk 0:09:35]} 9. c4 {[%clk 0:07:51]}  O-O {[%clk 0:09:36]} 10. Nc3 {[%clk 0:07:52]}  Be6 {[%clk 0:09:32]} 11. Qe2 {[%clk 0:07:24]}  Nd7 {[%clk 0:09:23]} 12. b4 {[%clk 0:07:01]}  Bg5 {[%clk 0:09:19]} 13. Rfd1 {[%clk 0:06:53]}  Bxe3 {[%clk 0:09:20]} 14. Qxe3 {[%clk 0:06:54]}  a5 {[%clk 0:09:15]} 15. b5 {[%clk 0:06:50]}  Qc7 {[%clk 0:09:06]} 16. Rac1 {[%clk 0:05:31]}  Nc5 {[%clk 0:08:59]} 17. Be2 {[%clk 0:05:22]}  Rfd8 {[%clk 0:08:57]} 18. h3 {[%clk 0:05:18]}  Rab8 {[%clk 0:08:34]} 19. Rc2 {[%clk 0:04:58]}  h6 {[%clk 0:08:33]} 20. Rcd2 {[%clk 0:04:54]}  Kf8 {[%clk 0:08:17]} 21. Kh1 {[%clk 0:04:00]}  Ke7 {[%clk 0:07:51]} 22. f4 {[%clk 0:03:46]}  exf4 {[%clk 0:07:50]} 23. Qxf4 {[%clk 0:03:45]}  Nb7 {[%clk 0:07:40]} 24. Qg3 {[%clk 0:03:31]}  Kf8 {[%clk 0:07:38]} 25. Qe3 {[%clk 0:03:21]}  cxb5 {[%clk 0:06:51]} 26. cxb5 {[%clk 0:03:15]}  Rbc8 {[%clk 0:06:50]} 27. Nd5 {[%clk 0:02:26]}  Qc5 {[%clk 0:06:32]} 28. Qg3 {[%clk 0:02:21]}  Re8 {[%clk 0:06:32]} 29. a4 {[%clk 0:02:09]}  Bxd5 {[%clk 0:06:25]} 30. Rxd5 {[%clk 0:02:11]}  Qc2 {[%clk 0:06:24]} 31. Bf3 {[%clk 0:01:41]}  Qxa4 {[%clk 0:06:13]} 32. e5 {[%clk 0:00:41]}  dxe5 {[%clk 0:06:06]} 33. Rxe5 {[%clk 0:00:34]}  Red8 {[%clk 0:04:43]} 34. Ree1 {[%clk 0:00:22]}  Rxd1 {[%clk 0:04:25]} 35. Rxd1 {[%clk 0:00:24]}  Qxb5 {[%clk 0:04:24]} 36. Qf4 {[%clk 0:00:17]}  Rd8 {[%clk 0:04:11]} 37. Rc1 {[%clk 0:00:11]}  Nd6 {[%clk 0:04:10]} 38. Qd4 {[%clk 0:00:12]}  Qg5 {[%clk 0:03:53]} 39. Rc5 {[%clk 0:00:06]}  Ne4 {[%clk 0:02:35]} 40. Rxg5 {[%clk 0:00:06]}  Rxd4 {[%clk 0:02:36]} 41. Rxa5 {[%clk 0:00:08]}  Nf6 {[%clk 0:02:34]} 42. Kg1 {[%clk 0:00:08]}  g5 {[%clk 0:02:35]} 43. Kf2 {[%clk 0:00:10]}  Kg7 {[%clk 0:02:36]} 44. Ke3 {[%clk 0:00:10]}  Rb4 {[%clk 0:02:37]} 45. Kf2 {[%clk 0:00:11]}  Rb3 {[%clk 0:02:35]} 46. Rc5 {[%clk 0:00:11]}  Ra3 {[%clk 0:02:35]} 47. Rb5 {[%clk 0:00:11]}  Ne8 {[%clk 0:02:26]} 48. Re5 {[%clk 0:00:11]}  Nc7 {[%clk 0:02:26]} 49. Bh5 {[%clk 0:00:08]}  Ne6 {[%clk 0:02:27]} 50. Rf5 {[%clk 0:00:10]}  f6 {[%clk 0:02:23]} 51. Rb5 {[%clk 0:00:09]}  Ra7 {[%clk 0:02:21]} 52. Bf3 {[%clk 0:00:09]}  Nd4 {[%clk 0:02:18]} 53. Rb7+ {[%clk 0:00:09]}  Rxb7 {[%clk 0:02:19]} 54. Bxb7 {[%clk 0:00:11]}  f5 {[%clk 0:02:17]} 55. g3 {[%clk 0:00:12]}  Kf6 {[%clk 0:02:18]} 56. h4 {[%clk 0:00:04]}  g4 {[%clk 0:02:16]} 57. Ke3 {[%clk 0:00:04]}  Ke5 {[%clk 0:02:17]} 58. Ba8 {[%clk 0:00:04]}  Nc2+ {[%clk 0:02:04]} 59. Kd2 {[%clk 0:00:04]}  Nb4 {[%clk 0:02:05]} 60. Ke3 {[%clk 0:00:06]}  Nd5+ {[%clk 0:02:06]} 61. Kf2 {[%clk 0:00:07]}  Nf6 {[%clk 0:02:06]} 62. Ke3 {[%clk 0:00:08]}  Ne4 {[%clk 0:02:07]} 63. Bxe4 {[%clk 0:00:07]}  fxe4 {[%clk 0:02:08]} 64. h5 {[%clk 0:00:09]}  Kd5 {[%clk 0:02:06]} 65. Kf4 {[%clk 0:00:10]}  Kd4 {[%clk 0:02:07]} 66. Kxg4 {[%clk 0:00:12]}  e3 {[%clk 0:02:08]} 67. Kf3 {[%clk 0:00:13]}  Kd3 {[%clk 0:02:09]} 68. g4 {[%clk 0:00:15]}  e2 {[%clk 0:02:11]} 69. g5 {[%clk 0:00:16]}  e1=Q {[%clk 0:02:12]} 0-1


[Site "Internet"]

[Event "Chessable Masters - Torneo preliminare"]
[White "Raja, Harshit"]
[Black "Keymer, Vincent"]
[WhiteFideId "5089000"]
[BlackFideId "12940690"]
[WhiteElo "2361"]
[BlackElo "2630"]
[Result "0-1"]
[Round "1"]
[TimeControl "600+2"]
[Date "2023.03.13"]
[WhiteClock "0:00:04"]
[BlackClock "0:00:15"]

1. e4 {[%clk 0:09:59]}  c6 {[%clk 0:10:00]} 2. Nf3 {[%clk 0:09:57]}  d5 {[%clk 0:10:01]} 3. Nc3 {[%clk 0:09:56]}  Bg4 {[%clk 0:09:54]} 4. h3 {[%clk 0:09:55]}  Bxf3 {[%clk 0:09:55]} 5. Qxf3 {[%clk 0:09:57]}  e6 {[%clk 0:09:56]} 6. d4 {[%clk 0:09:53]}  Nf6 {[%clk 0:09:55]} 7. Bd3 {[%clk 0:09:51]}  dxe4 {[%clk 0:09:24]} 8. Nxe4 {[%clk 0:09:51]}  Qxd4 {[%clk 0:09:17]} 9. Be3 {[%clk 0:08:51]}  Bb4+ {[%clk 0:07:25]} 10. Ke2 {[%clk 0:08:12]}  Qd8 {[%clk 0:07:25]} 11. Rad1 {[%clk 0:06:32]}  Nbd7 {[%clk 0:07:17]} 12. Nxf6+ {[%clk 0:06:07]}  Qxf6 {[%clk 0:07:02]} 13. Qe4 {[%clk 0:05:41]}  Bc5 {[%clk 0:06:50]} 14. Bf4 {[%clk 0:05:12]}  Qd4 {[%clk 0:05:07]} 15. Qxd4 {[%clk 0:04:14]}  Bxd4 {[%clk 0:05:09]} 16. Ba6 {[%clk 0:04:14]}  bxa6 {[%clk 0:04:28]} 17. Rxd4 {[%clk 0:04:15]}  e5 {[%clk 0:04:18]} 18. Bxe5 {[%clk 0:03:59]}  Nxe5 {[%clk 0:04:06]} 19. Re4 {[%clk 0:04:00]}  f6 {[%clk 0:04:04]} 20. f4 {[%clk 0:04:01]}  O-O-O {[%clk 0:04:00]} 21. fxe5 {[%clk 0:04:02]}  Rhe8 {[%clk 0:04:01]} 22. Ke3 {[%clk 0:03:35]}  f5 {[%clk 0:03:31]} 23. Rc4 {[%clk 0:03:29]}  Rxe5+ {[%clk 0:03:32]} 24. Kf4 {[%clk 0:03:29]}  Re2 {[%clk 0:03:33]} 25. Rxc6+ {[%clk 0:03:14]}  Kb7 {[%clk 0:03:30]} 26. Rc3 {[%clk 0:03:11]}  Rxg2 {[%clk 0:03:01]} 27. Re1 {[%clk 0:03:11]}  Rf2+ {[%clk 0:03:02]} 28. Kg5 {[%clk 0:02:45]}  Rd7 {[%clk 0:02:18]} 29. Ree3 {[%clk 0:02:38]}  h6+ {[%clk 0:01:57]} 30. Kg6 {[%clk 0:02:32]}  f4 {[%clk 0:01:58]} 31. Rf3 {[%clk 0:02:22]}  Rg2+ {[%clk 0:01:53]} 32. Kf5 {[%clk 0:02:19]}  g5 {[%clk 0:01:48]} 33. Kg6 {[%clk 0:02:06]}  Rd6+ {[%clk 0:01:43]} 34. Kh5 {[%clk 0:02:07]}  a5 {[%clk 0:01:29]} 35. a4 {[%clk 0:01:48]}  Rc6 {[%clk 0:01:23]} 36. Rxc6 {[%clk 0:01:19]}  Kxc6 {[%clk 0:01:25]} 37. Kxh6 {[%clk 0:01:20]}  Kd5 {[%clk 0:01:26]} 38. c4+ {[%clk 0:00:44]}  Ke4 {[%clk 0:01:14]} 39. Rf1 {[%clk 0:00:45]}  f3 {[%clk 0:01:11]} 40. c5 {[%clk 0:00:43]}  Rxb2 {[%clk 0:00:31]} 41. Kxg5 {[%clk 0:00:45]}  Rg2+ {[%clk 0:00:32]} 42. Kf6 {[%clk 0:00:44]}  Rc2 {[%clk 0:00:24]} 43. Re1+ {[%clk 0:00:15]}  Kd4 {[%clk 0:00:16]} 44. Kf5 {[%clk 0:00:09]}  f2 {[%clk 0:00:16]} 45. Rd1+ {[%clk 0:00:09]}  Ke3 {[%clk 0:00:16]} 46. Ke6 {[%clk 0:00:04]}  Rxc5 {[%clk 0:00:15]} 0-1


[Site "Internet"]

[Event "Chessable Masters - Torneo preliminare"]
[White "Maghsoodloo, Parham"]
[Black "Xu, Yi"]
[WhiteFideId "12539929"]
[BlackFideId "8605564"]
[WhiteElo "2660"]
[BlackElo "2402"]
[Result "0-1"]
[Round "1"]
[TimeControl "600+2"]
[Date "2023.03.13"]
[WhiteClock "0:01:44"]
[BlackClock "0:00:09"]

1. d4 {[%clk 0:08:35]}  Nf6 {[%clk 0:10:00]} 2. c4 {[%clk 0:08:28]}  e6 {[%clk 0:10:00]} 3. Nf3 {[%clk 0:08:25]}  d5 {[%clk 0:10:00]} 4. Nc3 {[%clk 0:08:23]}  Bb4 {[%clk 0:10:00]} 5. Bg5 {[%clk 0:08:13]}  h6 {[%clk 0:10:00]} 6. Bxf6 {[%clk 0:08:13]}  Qxf6 {[%clk 0:10:01]} 7. Qa4+ {[%clk 0:08:14]}  Nc6 {[%clk 0:10:02]} 8. e3 {[%clk 0:08:15]}  O-O {[%clk 0:10:02]} 9. Be2 {[%clk 0:08:14]}  Bd7 {[%clk 0:08:56]} 10. Qb3 {[%clk 0:07:58]}  dxc4 {[%clk 0:08:55]} 11. Qxc4 {[%clk 0:07:59]}  Qg6 {[%clk 0:08:44]} 12. O-O {[%clk 0:07:51]}  Bd6 {[%clk 0:08:44]} 13. a3 {[%clk 0:07:25]}  e5 {[%clk 0:07:12]} 14. Bd3 {[%clk 0:07:23]}  Na5 {[%clk 0:06:30]} 15. Bxg6 {[%clk 0:07:15]}  Nxc4 {[%clk 0:06:30]} 16. Be4 {[%clk 0:07:16]}  exd4 {[%clk 0:06:06]} 17. Nxd4 {[%clk 0:07:17]}  c6 {[%clk 0:05:59]} 18. b4 {[%clk 0:06:56]}  a5 {[%clk 0:05:42]} 19. b5 {[%clk 0:06:56]}  Nxa3 {[%clk 0:04:53]} 20. bxc6 {[%clk 0:06:56]}  bxc6 {[%clk 0:04:54]} 21. Na4 {[%clk 0:06:08]}  Rab8 {[%clk 0:03:32]} 22. Rfd1 {[%clk 0:05:34]}  Bb4 {[%clk 0:03:19]} 23. Nxc6 {[%clk 0:05:29]}  Bxc6 {[%clk 0:03:19]} 24. Bxc6 {[%clk 0:05:31]}  Rfd8 {[%clk 0:03:14]} 25. Bd5 {[%clk 0:05:30]}  Kf8 {[%clk 0:03:08]} 26. Rac1 {[%clk 0:05:24]}  Rbc8 {[%clk 0:03:00]} 27. Rxc8 {[%clk 0:05:22]}  Rxc8 {[%clk 0:03:01]} 28. Bb3 {[%clk 0:05:20]}  Nc4 {[%clk 0:02:34]} 29. g4 {[%clk 0:04:54]}  Nd2 {[%clk 0:02:22]} 30. Bd5 {[%clk 0:04:54]}  Ke7 {[%clk 0:02:05]} 31. Kg2 {[%clk 0:04:54]}  Rd8 {[%clk 0:01:38]} 32. Ba2 {[%clk 0:04:47]}  Rc8 {[%clk 0:01:18]} 33. h4 {[%clk 0:04:46]}  Rc2 {[%clk 0:01:17]} 34. Bd5 {[%clk 0:04:47]}  f6 {[%clk 0:01:16]} 35. Kg3 {[%clk 0:04:32]}  Rc8 {[%clk 0:00:59]} 36. h5 {[%clk 0:04:24]}  Rd8 {[%clk 0:00:57]} 37. e4 {[%clk 0:03:55]}  Nxe4+ {[%clk 0:00:53]} 38. Kg2 {[%clk 0:03:54]}  Nc3 {[%clk 0:00:47]} 39. Re1+ {[%clk 0:03:33]}  Kf8 {[%clk 0:00:47]} 40. Nxc3 {[%clk 0:03:10]}  Rxd5 {[%clk 0:00:48]} 41. Re3 {[%clk 0:03:06]}  Bxc3 {[%clk 0:00:42]} 42. Rxc3 {[%clk 0:03:06]}  Rd8 {[%clk 0:00:44]} 43. Kf3 {[%clk 0:02:54]}  Ra8 {[%clk 0:00:43]} 44. Ke3 {[%clk 0:02:55]}  a4 {[%clk 0:00:42]} 45. Ra3 {[%clk 0:02:49]}  Ke7 {[%clk 0:00:43]} 46. Kd4 {[%clk 0:02:48]}  Kd6 {[%clk 0:00:44]} 47. f4 {[%clk 0:02:48]}  Ra7 {[%clk 0:00:41]} 48. Kc4 {[%clk 0:02:49]}  f5 {[%clk 0:00:31]} 49. g5 {[%clk 0:02:35]}  hxg5 {[%clk 0:00:29]} 50. fxg5 {[%clk 0:02:37]}  Ke5 {[%clk 0:00:30]} 51. Kd3 {[%clk 0:02:11]}  Kf4 {[%clk 0:00:25]} 52. h6 {[%clk 0:02:12]}  g6 {[%clk 0:00:18]} 53. Kd4 {[%clk 0:02:10]}  Kxg5 {[%clk 0:00:19]} 54. Rh3 {[%clk 0:02:10]}  a3 {[%clk 0:00:09]} 55. h7 {[%clk 0:02:09]}  a2 {[%clk 0:00:10]} 56. h8=Q {[%clk 0:01:56]}  a1=Q+ {[%clk 0:00:11]} 57. Rc3 {[%clk 0:01:58]}  Rd7+ {[%clk 0:00:09]} 58. Ke3 {[%clk 0:01:42]}  Qe1+ {[%clk 0:00:09]} 59. Kf3 {[%clk 0:01:43]}  Qe4+ {[%clk 0:00:06]} 60. Kg3 {[%clk 0:01:41]}  Qf4+ {[%clk 0:00:07]} 61. Kh3 {[%clk 0:01:42]}  Qg4+ {[%clk 0:00:08]} 62. Kh2 {[%clk 0:01:44]}  Rd2+ {[%clk 0:00:09]} 0-1


[Site "Internet"]

[Event "Chessable Masters - Torneo preliminare"]
[White "Petrov, Nikita"]
[Black "Predke, Alexandr"]
[WhiteFideId "4101286"]
[BlackFideId "24107581"]
[WhiteElo "2514"]
[BlackElo "2582"]
[Result "1-0"]
[Round "1"]
[TimeControl "600+2"]
[Date "2023.03.13"]
[WhiteClock "0:00:17"]
[BlackClock "0:00:09"]

1. d4 {[%clk 0:10:01]}  Nf6 {[%clk 0:09:58]} 2. Bg5 {[%clk 0:10:01]}  e6 {[%clk 0:09:55]} 3. e4 {[%clk 0:10:01]}  h6 {[%clk 0:09:56]} 4. Bxf6 {[%clk 0:10:02]}  Qxf6 {[%clk 0:09:58]} 5. c3 {[%clk 0:10:03]}  d5 {[%clk 0:09:43]} 6. Bd3 {[%clk 0:10:03]}  dxe4 {[%clk 0:09:35]} 7. Bxe4 {[%clk 0:10:04]}  Bd6 {[%clk 0:09:32]} 8. Nf3 {[%clk 0:10:00]}  O-O {[%clk 0:09:26]} 9. O-O {[%clk 0:09:59]}  Rd8 {[%clk 0:09:23]} 10. Nbd2 {[%clk 0:09:30]}  c5 {[%clk 0:09:08]} 11. dxc5 {[%clk 0:08:49]}  Bxc5 {[%clk 0:09:04]} 12. Qe2 {[%clk 0:08:50]}  Qe7 {[%clk 0:07:45]} 13. Rad1 {[%clk 0:08:26]}  Nd7 {[%clk 0:07:29]} 14. Bc2 {[%clk 0:08:11]}  Nf8 {[%clk 0:07:15]} 15. Ne4 {[%clk 0:07:50]}  Bd7 {[%clk 0:07:04]} 16. Nxc5 {[%clk 0:07:21]}  Qxc5 {[%clk 0:07:06]} 17. Nd4 {[%clk 0:05:37]}  e5 {[%clk 0:06:05]} 18. Nb3 {[%clk 0:05:16]}  Bb5 {[%clk 0:05:25]} 19. Nxc5 {[%clk 0:03:59]}  Bxe2 {[%clk 0:05:25]} 20. Rxd8 {[%clk 0:04:01]}  Rxd8 {[%clk 0:05:26]} 21. Re1 {[%clk 0:04:02]}  Rd2 {[%clk 0:05:04]} 22. Bb3 {[%clk 0:04:03]}  b6 {[%clk 0:04:44]} 23. Ne4 {[%clk 0:04:02]}  Rxb2 {[%clk 0:04:45]} 24. Nd6 {[%clk 0:04:00]}  Ne6 {[%clk 0:04:14]} 25. Nc8 {[%clk 0:02:41]}  Nc5 {[%clk 0:03:38]} 26. Nxa7 {[%clk 0:02:16]}  Nxb3 {[%clk 0:03:22]} 27. axb3 {[%clk 0:02:18]}  Rxb3 {[%clk 0:03:23]} 28. h3 {[%clk 0:01:52]}  Rb2 {[%clk 0:02:52]} 29. Nc6 {[%clk 0:01:25]}  f6 {[%clk 0:02:48]} 30. Ra1 {[%clk 0:01:26]}  Rc2 {[%clk 0:01:52]} 31. Ra7 {[%clk 0:00:41]}  Kh7 {[%clk 0:01:44]} 32. Ne7 {[%clk 0:00:20]}  Bd3 {[%clk 0:01:06]} 33. Nd5 {[%clk 0:00:20]}  Kg6 {[%clk 0:01:01]} 34. Ne7+ {[%clk 0:00:18]}  Kh7 {[%clk 0:00:41]} 35. Nd5 {[%clk 0:00:20]}  Kg8 {[%clk 0:00:19]} 36. Ra8+ {[%clk 0:00:13]}  Kf7 {[%clk 0:00:15]} 37. Ra7+ {[%clk 0:00:14]}  Ke6 {[%clk 0:00:14]} 38. Nxb6 {[%clk 0:00:16]}  Rxc3 {[%clk 0:00:07]} 39. Rxg7 {[%clk 0:00:13]}  Rc1+ {[%clk 0:00:07]} 40. Kh2 {[%clk 0:00:14]}  Bb5 {[%clk 0:00:05]} 41. Na8 {[%clk 0:00:05]}  Rc2 {[%clk 0:00:04]} 42. Nc7+ {[%clk 0:00:06]}  Kf5 {[%clk 0:00:03]} 43. Nxb5 {[%clk 0:00:07]}  Rxf2 {[%clk 0:00:04]} 44. Nd6+ {[%clk 0:00:08]}  Ke6 {[%clk 0:00:05]} 45. Ne4 {[%clk 0:00:09]}  Rf4 {[%clk 0:00:06]} 46. Ng3 {[%clk 0:00:10]}  e4 {[%clk 0:00:06]} 47. Rg6 {[%clk 0:00:12]}  Ke5 {[%clk 0:00:06]} 48. Rxh6 {[%clk 0:00:13]}  e3 {[%clk 0:00:07]} 49. Rh5+ {[%clk 0:00:14]}  Kd4 {[%clk 0:00:07]} 50. Ne2+ {[%clk 0:00:14]}  Ke4 {[%clk 0:00:07]} 51. Nxf4 {[%clk 0:00:16]}  Kxf4 {[%clk 0:00:09]} 52. Kg1 {[%clk 0:00:17]} 1-0


[Site "Internet"]